000 00714 a2200229 4500
502 _aThèse d'exercice
653 1 _aSciences agronomiques
100 _aBêhanzin, Eugène
245 _aImportance de la lentille de terre (macro tyloma gescarpa harms) dans l'alimentation béninoise : étude du cas de la ville de Cotonou
300 _aXXII-93 p.
650 _aLENTILLE
650 _aMACROTYLOMA
650 _aTECHNIQUE D'ALIMENTATION
130 _lFr
710 _aAbomey-Calavi, Université nationale du Bénin, Faculté des Sciences Agronomiques, BJ
651 _aCOTONOU
041 _bFr
041 _bEn
653 1 _aNutrition et sciences agro-alimentaires
651 _aBENIN
999 _c31154
_d31154